[Event "Crailsheim op 4th"]
[Site "Crailsheim"]
[Date "1998.??.??"]
[Round "?"]
[White "Oparaugo, Thomas"]
[Black "Eheim, Marc"]
[Result "0-1"]
[WhiteElo "2040"]
[BlackElo "1605"]
[PlyCount "33"]
[EventDate "1998.05.??"]
[EventType "swiss"]
[EventRounds "7"]
[EventCountry "GER"]
[SourceTitle "EXT 2006"]
[Source "ChessBase"]
[SourceDate "2005.11.24"]
[SourceVersion "1"]
[SourceVersionDate "2005.11.24"]
[SourceQuality "1"]

1. Nf3 Nc6 2. d4 d5 3. c4 Nf6 4. Nc3 e6 5. Bg5 Bb4 6. Qb3 dxc4 7. Qxc4 Bxc3+ 8. bxc3 0-0 9. e4 h6 10. h4 Qd7 11. Bxf6 gxf6 12. Bd3 b6 13. Qb5 Kh7 14. Qh5 Rg8 15. e5+ f5 16. g4 Rxg4 17. Qxh6+ 0-1